[Event "OIBM99 - Bank Hofmann"]
[Site "Wiessee"]
[Date "1999.11.??"]
[White "Aleksandrov, Aleksej"]
[Black "Gaprinashvili, Valerian"]
[Result "1/2-1/2"]
[WhiteElo "2615"]
[BlackElo "2390"]
[PlyCount "81"]

1. c4 Nf6 2. Nc3 e6 3. e4 c5 4. e5 Ng8 5. Nf3 d6 6. exd6 Bxd6 7. d4 cxd4 8.
Qxd4 Nf6 9. Nb5 Bb4+ 10. Bd2 Bxd2+ 11. Qxd2 Qxd2+ 12. Nxd2 Na6 13. a3 Bd7 14.
c5 Ke7 15. Rc1 Rhc8 16. b4 Bxb5 17. Bxb5 Nc7 18. Be2 b6 19. O-O bxc5 20. Rxc5
Nd7 21. Rg5 g6 22. Ra5 Nd5 23. Re1 N7b6 24. Nb3 Rc7 25. Nd4 Kf6 26. Nb5 Rd7 27.
g3 a6 28. Nd4 Nc3 29. Nb3 Nxe2+ 30. Rxe2 Nc4 31. Rc5 Rd3 32. Rxc4 Rxb3 33. a4
Rb8 34. Ree4 Rb7 35. h4 h5 36. Kg2 Ke7 37. a5 Rb2 38. Red4 Rb3 39. Rc1 Rb2 40.
Re1 Rd7 41. Ree4 1/2-1/2

[Event "OIBM99 - Bank Hofmann"]
[Site "Wiessee"]
[Date "1999.11.??"]
[White "Baburin, Alexander"]
[Black "Schmittdiel, Eckhard"]
[Result "1-0"]
[WhiteElo "2590"]
[BlackElo "2505"]
[PlyCount "94"]

1. d4 e6 2. c4 Nf6 3. Nc3 Bb4 4. Qc2 O-O 5. a3 Bxc3+ 6. Qxc3 b6 7. Bg5 Bb7 8.
e3 d6 9. f3 Qe7 10. Bd3 c5 11. Ne2 Nbd7 12. O-O Rfe8 13. b4 h6 14. Bh4 e5 15.
dxc5 dxc5 16. Bf5 Nf8 17. bxc5 bxc5 18. Qc2 e4 19. f4 Ng6 20. Bxg6 fxg6 21. Nc3
Qe6 22. Bxf6 Qxf6 23. Nd5 Qf7 24. Rfd1 Rad8 25. Rd2 Rd6 26. Rad1 Ra6 27. Nc7
Qxc7 28. Rd7 Qb6 29. Qc3 Qf6 30. Qxf6 Rxf6 31. Rxb7 Rf7 32. Rb5 a6 33. Rxc5 Rb8
34. h4 Rb3 35. Rc8+ Rf8 36. Rc7 Rxe3 37. Rdd7 Rxf4 38. Rxg7+ Kh8 39. Rh7+ Kg8
40. Rhg7+ Kh8 41. Rxg6 Re1+ 42. Kh2 Rxh4+ 43. Kg3 Rh5 44. Rxa6 Rg5+ 45. Kf2 Rh1
46. Ra8+ Rg8 47. Rxg8+ Kxg8 1-0

[Event "OIBM99 - Bank Hofmann"]
[Site "Wiessee"]
[Date "1999.11.??"]
[White "Bromberger, Stefan"]
[Black "Anka, Emil"]
[Result "1-0"]
[WhiteElo "2275"]
[BlackElo "2485"]
[PlyCount "67"]
[EventDate "1999.??.??"]

1. Nf3 Nf6 2. c4 e6 3. Nc3 Bb4 4. Qc2 O-O 5. a3 Bxc3 6. Qxc3 d6 7. g3 b6 8. Bg2
Bb7 9. b4 Nbd7 10. Bb2 c5 11. O-O a6 12. d4 Qc7 13. Rfd1 Rac8 14. bxc5 bxc5 15.
d5 exd5 16. cxd5 Nb6 17. Qc2 Nfxd5 18. Ng5 g6 19. e4 h6 20. Nh3 Ne7 21. Qc3 f6
22. Nf4 Rf7 23. a4 Bc6 24. Qc2 a5 25. Bc3 Qd7 26. Bh3 f5 27. e5 Bxa4 28. Qb2
Qa7 29. Rxd6 Nc4 30. Qe2 Bb5 31. e6 Rh7 32. Rd7 Qa6 33. Rad1 Rg7 34. Bxg7 1-0

[Event "OIBM99 - Bank Hofmann"]
[Site "Wiessee"]
[Date "1999.11.??"]
[White "Bromberger, Stefan"]
[Black "Golubev, Mihail"]
[Result "1/2-1/2"]
[WhiteElo "2275"]
[BlackElo "2530"]
[PlyCount "112"]

1. Nf3 Nf6 2. c4 g6 3. Nc3 Bg7 4. e4 d6 5. d4 O-O 6. Be2 e5 7. O-O Nc6 8. d5
Ne7 9. b4 a5 10. Ba3 axb4 11. Bxb4 b6 12. a4 Re8 13. Qd3 Nd7 14. a5 c5 15. dxc6
Nxc6 16. Bxd6 Rxa5 17. Rxa5 Nxa5 18. Nb5 Nb7 19. Rd1 Qf6 20. Qa3 Ndc5 21. Qa7
Nxe4 22. Bc7 Bf8 23. Bxb6 Bc5 24. Bxc5 Nexc5 25. Nd6 Nxd6 26. Qxc5 Nf5 27. Rd5
e4 28. Re5 Rxe5 29. Nxe5 Be6 30. Bf1 h5 31. Nc6 Kg7 32. g3 Kh7 33. Qe5 Qxe5 34.
Nxe5 Nd4 35. c5 Kg7 36. Nc4 Kf6 37. h4 Ke7 38. Nd6 Bd5 39. Bc4 Nf3+ 40. Kg2
Bxc4 41. Nxc4 Kd7 42. Na5 Ne1+ 43. Kf1 Nd3 44. c6+ Kc7 45. Ke2 Ne5 46. Ke3 f5
47. Kf4 Ng4 48. Kg5 Nxf2 49. Nc4 Kxc6 50. Kxg6 Ng4 51. Kxf5 Kd5 52. Kf4 Kxc4
53. Kxe4 Kc5 54. Kf5 Kd5 55. Kg5 Ke5 56. Kxh5 Kf5 1/2-1/2

[Event "OIBM99 - Bank Hofmann"]
[Site "Wiessee"]
[Date "1999.11.??"]
[White "Enigl, Karl"]
[Black "Kachiani_Gersinska, Ketino"]
[Result "0-1"]
[WhiteElo "2210"]
[BlackElo "2425"]
[PlyCount "50"]
[EventDate "1999.??.??"]

1. c4 Nf6 2. Nf3 e6 3. g3 d5 4. b3 a5 5. Bg2 a4 6. Bb2 a3 7. Bxf6 Qxf6 8. Nc3
c6 9. O-O Bb4 10. Rc1 O-O 11. d4 Nd7 12. Qd3 b6 13. Nd2 Ba6 14. e4 dxc4 15.
Nxc4 b5 16. Ne3 Bxc3 17. Qxc3 b4 18. Qxc6 Bxf1 19. Rxf1 Qxd4 20. Rd1 Ne5 21.
Rxd4 Nxc6 22. Rd6 Rac8 23. f4 Rfd8 24. e5 Rxd6 25. exd6 Nd4 0-1

[Event "OIBM99 - Bank Hofmann"]
[Site "Wiessee"]
[Date "1999.11.??"]
[White "Gelashvili, Tamaz"]
[Black "Ponomariov, Ruslan"]
[Result "0-1"]
[WhiteElo "2530"]
[BlackElo "2615"]
[PlyCount "98"]

1. d4 Nf6 2. Nf3 c5 3. d5 d6 4. Nc3 g6 5. e4 Bg7 6. h3 O-O 7. Be2 e6 8. O-O
exd5 9. exd5 Na6 10. Bxa6 bxa6 11. Nd2 Re8 12. Nc4 Ne4 13. Bd2 Bd7 14. Nxe4
Rxe4 15. Nxd6 Rd4 16. Qf3 Qe7 17. Bf4 Qf6 18. Ne4 Qf5 19. Rae1 Bb5 20. c3 Rd3
21. Be3 Qxf3 22. gxf3 Rxd5 23. Rd1 Rf5 24. Rfe1 Rxf3 25. Kg2 Rf5 26. Bxc5 Bc6
27. Ba3 Re8 28. f3 Rfe5 29. Kf2 f5 30. Nd2 Bf6 31. Rxe5 Rxe5 32. c4 Kf7 33. Bd6
Re6 34. Bc5 Bxb2 35. Bxa7 Re7 36. Be3 Bf6 37. Bc5 Bh4+ 38. Kf1 Rb7 39. Ke2 Rd7
40. Be3 Re7 41. Kd3 Rb7 42. Kc2 Bf6 43. Kd3 g5 44. Bc5 Rd7+ 45. Kc2 h5 46. Rg1
Ba4+ 47. Kc1 Rd3 48. Bb4 Re3 49. Nb3 Rxf3 0-1

[Event "OIBM99 - Bank Hofmann"]
[Site "Wiessee"]
[Date "1999.11.??"]
[White "Golubev, Mihail"]
[Black "Aleksandrov, Aleksej"]
[Result "1/2-1/2"]
[WhiteElo "2530"]
[BlackElo "2615"]
[PlyCount "37"]

1. e4 e5 2. Nf3 Nc6 3. d4 exd4 4. Nxd4 Nf6 5. Nxc6 bxc6 6. e5 Qe7 7. Qe2 Nd5 8.
c4 Ba6 9. g3 O-O-O 10. b3 Re8 11. Bb2 g5 12. Bg2 Bg7 13. O-O Bxe5 14. Qxe5 Qxe5
15. Bxe5 Rxe5 16. cxd5 Bxf1 17. Kxf1 cxd5 18. Nc3 c6 19. Rc1 1/2-1/2

[Event "OIBM99 - Bank Hofmann"]
[Site "Wiessee"]
[Date "1999.11.??"]
[White "Grabarczyk, Miroslav"]
[Black "Yakovich, Yuri"]
[Result "0-1"]
[WhiteElo "2480"]
[BlackElo "2590"]
[PlyCount "116"]

1. d4 Nf6 2. c4 e6 3. Nf3 b6 4. g3 Ba6 5. b3 b5 6. cxb5 Bxb5 7. Bg2 Bc6 8. O-O
a5 9. Nc3 Bb4 10. Bb2 O-O 11. Ne5 Bxg2 12. Kxg2 Bxc3 13. Bxc3 Qc8 14. f3 Qa6
15. Be1 Nd5 16. Bf2 f5 17. Qd2 d6 18. Nd3 Qb7 19. Rfc1 Nd7 20. Rc2 N7f6 21.
Rac1 a4 22. b4 a3 23. Rc6 Ra6 24. R6c4 Rb6 25. Kg1 h6 26. Qe1 Rb8 27. Qd2 Qa6
28. Kg2 Qa4 29. Be1 Qe8 30. Bf2 g5 31. Rb1 Rc6 32. Qc2 Rxc4 33. Qxc4 Qa4 34.
Qc1 Kg7 35. Rb3 Ra8 36. Kg1 Qa6 37. Kg2 Ra7 38. Qc2 Qb5 39. Qc1 Qa6 40. Qc2 Qb7
41. Qc1 Qa8 42. Kg1 Ra6 43. Kg2 Kg6 44. h3 Kg7 45. Bg1 Kg6 46. Bf2 Nh5 47. b5
Ra4 48. Qb1 Nhf6 49. Qc1 Qb7 50. Rxa3 Qxb5 51. Rxa4 Qxa4 52. Qb2 Qd1 53. Qc1
Qxe2 54. Nb2 g4 55. hxg4 fxg4 56. f4 Ne4 57. Qe1 Qf3+ 58. Kg1 Ndc3 0-1

[Event "OIBM99 - Bank Hofmann"]
[Site "Wiessee"]
[Date "1999.11.??"]
[White "Gurieli, Nino"]
[Black "Dautov, Rustem"]
[Result "0-1"]
[WhiteElo "2350"]
[BlackElo "2595"]
[PlyCount "62"]

1. Nf3 Nf6 2. c4 e6 3. g3 d5 4. Bg2 dxc4 5. Qa4+ c6 6. Qxc4 b5 7. Qc2 Bb7 8. d4
Nbd7 9. O-O c5 10. dxc5 Bxc5 11. Nc3 Rc8 12. a3 O-O 13. Bf4 Qb6 14. Rad1 Rfd8
15. Qb1 h6 16. Rd3 Ng4 17. b4 Bxf2+ 18. Kh1 e5 19. Bh3 h5 20. Nd5 Bxd5 21. Rxd5
exf4 22. Rxh5 Ngf6 23. Ng5 Qc6+ 24. Bg2 Qc2 25. Qxc2 Rxc2 26. Rh8+ Kxh8 27.
Nxf7+ Kg8 28. Nxd8 fxg3 29. hxg3 Rxe2 30. Nc6 Bb6 31. g4 Nxg4 0-1

[Event "OIBM99 - Bank Hofmann"]
[Site "Wiessee"]
[Date "1999.11.??"]
[White "Heika, Martin"]
[Black "Dorfman, Josif"]
[Result "0-1"]
[WhiteElo "2295"]
[BlackElo "2595"]
[PlyCount "74"]

1. Nf3 d6 2. g3 e5 3. e4 g6 4. Bg2 Bg7 5. O-O Nc6 6. c3 Nf6 7. d4 O-O 8. Nbd2
exd4 9. Nxd4 Bg4 10. Nxc6 bxc6 11. Qc2 d5 12. Nb3 dxe4 13. Nc5 Nd5 14. Qxe4 Qc8
15. Qa4 Bh3 16. Qxc6 Bxg2 17. Kxg2 Rd8 18. c4 Nb4 19. Qa4 Nd3 20. Nxd3 Rxd3 21.
Bf4 Bxb2 22. Rab1 Ra3 23. Qc6 Rxa2 24. Rfd1 Ra6 25. Qf3 Rb8 26. Bg5 Rd6 27. c5
Rxd1 28. Rxd1 Qf5 29. Qxf5 gxf5 30. Rb1 c6 31. Bf4 Rb5 32. Bc1 Be5 33. Rxb5
cxb5 34. Bd2 Kf8 35. Ba5 Ke7 36. c6 Kd6 37. f4 Bd4 0-1

[Event "OIBM99 - Bank Hofmann"]
[Site "Wiessee"]
[Date "1999.11.??"]
[White "Hracek, Zbynek"]
[Black "David, Alberto"]
[Result "1/2-1/2"]
[WhiteElo "2625"]
[BlackElo "2540"]
[PlyCount "88"]

1. e4 c5 2. Nf3 e6 3. b3 b6 4. d4 cxd4 5. Nxd4 a6 6. Bd3 Bc5 7. Nf3 Nc6 8. Bb2
f6 9. O-O Nh6 10. c4 O-O 11. Nc3 Bb7 12. Na4 Qc7 13. Qd2 Ng4 14. Nxc5 bxc5 15.
Rad1 Rad8 16. Bb1 a5 17. Qd6 Qxd6 18. Rxd6 Nh6 19. Rfd1 Bc8 20. Ba3 Nf7 21.
Bxc5 Nxd6 22. Bxd6 Rf7 23. Nd4 Nxd4 24. Rxd4 Bb7 25. f3 Ra8 26. Kf2 g6 27. h4
Rg7 28. g4 h6 29. Rd1 g5 30. h5 e5 31. a3 Kf7 32. Ke3 Rgg8 33. Kd3 Rgc8 34. Kc3
Ba6 35. Ba2 Ke8 36. Rd2 Rc6 37. c5 Bb5 38. Kb2 Rca6 39. Rc2 Bd3 40. Rd2 Bb5 41.
Kc3 Rc8 42. Kb2 Rca8 43. Kc3 Rc8 44. Kb2 Rca8 1/2-1/2

[Event "OIBM99 - Bank Hofmann"]
[Site "Wiessee"]
[Date "1999.11.??"]
[White "Hracek, Zbynek"]
[Black "Haba, Petr"]
[Result "1/2-1/2"]
[WhiteElo "2625"]
[BlackElo "2540"]
[PlyCount "47"]
[EventDate "1999.??.??"]

1. e4 e5 2. Nf3 Nf6 3. d4 Nxe4 4. Bd3 d5 5. Nxe5 Nd7 6. O-O Nxe5 7. dxe5 Nc5 8.
Nc3 c6 9. Qf3 Nxd3 10. cxd3 Qh4 11. h3 Be7 12. Re1 O-O 13. a3 f6 14. e6 Re8 15.
Bd2 Bc5 16. e7 Rxe7 17. Rxe7 Bxe7 18. Re1 Bc5 19. Nxd5 Qxf2+ 20. Qxf2 Bxf2+ 21.
Kxf2 cxd5 22. Re8+ Kf7 23. Rd8 b6 24. Rxd5 1/2-1/2

[Event "OIBM99 - Bank Hofmann"]
[Site "?"]
[Date "1999.??.??"]
[Round "?"]
[White "Hracek, Zbynek"]
[Black "Lobron, Eric"]
[Result "0-1"]
[WhiteElo "2625"]
[BlackElo "2540"]
[PlyCount "112"]

1. e4 e6 2. d4 d5 3. Nc3 dxe4 4. Nxe4 Nd7 5. Nf3 Ngf6 6. Nxf6+ Nxf6 7. Bg5 h6
8. Bxf6 Qxf6 9. Bb5+ c6 10. Bd3 Bd6 11. Qe2 Bd7 12. Ne5 O-O-O 13. O-O c5 14. c3
Kb8 15. Qe3 Bc8 16. Rfd1 Bc7 17. Be2 Rd5 18. Ng4 Qg5 19. dxc5 Rxc5 20. g3 h5
21. h4 Qe7 22. b4 Rf5 23. Bd3 Rd5 24. Nh2 g5 25. hxg5 Rxg5 26. Nf3 Rg7 27. Kf1
Qf6 28. Ke2 e5 29. Kd2 Bg4 30. Be2 Re8 31. Ke1 Bb6 32. Qe4 Bc8 33. Qh4 Qc6 34.
Qc4 Qf6 35. Qh4 Qg6 36. Rd5 f6 37. Rad1 Bg4 38. Rd6 Rf7 39. Nh2 Bxe2 40. Kxe2
Qc2+ 41. R1d2 Qxc3 42. Qxh5 Qc4+ 43. Kf3 f5 44. Kg2 f4 45. Rd7 Rff8 46. Qh7
fxg3 47. fxg3 Qc6+ 48. R2d5 e4 49. b5 Qc8 50. Ng4 e3 51. Re5 Rxe5 52. Nxe5 Re8
53. Re7 Rh8 54. Rxb7+ Ka8 55. Qe4 Qxb7 56. Nc6 Qh7 0-1

[Event "OIBM99 - Bank Hofmann"]
[Site "Wiessee"]
[Date "1999.11.??"]
[White "Khenkin, Igor"]
[Black "Glek, Igor"]
[Result "1-0"]
[WhiteElo "2630"]
[BlackElo "2535"]
[PlyCount "79"]

1. d4 Nf6 2. c4 g6 3. Nc3 Bg7 4. e4 d6 5. f3 O-O 6. Nge2 c5 7. d5 e6 8. Ng3
exd5 9. cxd5 a6 10. a4 Ne8 11. Bd3 Nd7 12. f4 Qh4 13. Nce2 Nef6 14. Ng1 c4 15.
Nf3 Qg4 16. Be2 Nc5 17. O-O Qd7 18. e5 dxe5 19. Bxc4 exf4 20. Bxf4 Nfe4 21.
Nxe4 Nxe4 22. Qc2 Nd6 23. Bd3 Qd8 24. Qc5 Bf5 25. Bxf5 Nxf5 26. Bc7 Rc8 27. d6
Qd7 28. Ne5 Bxe5 29. Qxe5 Rfe8 30. Qf4 Ne3 31. Rfc1 Nd5 32. Qg3 Nxc7 33. Rxc7
Rxc7 34. dxc7 Qd4+ 35. Kh1 Qxb2 36. Re1 Rc8 37. h4 Qc2 38. Re7 Qc5 39. Rd7 Qc6
40. Rd8+ 1-0

[Event "OIBM99 - Bank Hofmann"]
[Site "Wiessee"]
[Date "1999.11.??"]
[White "Krasenkow, Michal"]
[Black "Lau, Dietmar"]
[Result "0-1"]
[WhiteElo "2645"]
[BlackElo "2205"]
[PlyCount "68"]

1. e4 c6 2. d4 d5 3. Nc3 dxe4 4. Nxe4 Nd7 5. Nf3 Ngf6 6. Nxf6+ Nxf6 7. Bc4 Bf5
8. O-O e6 9. Ne5 Bd6 10. Qe2 Qc7 11. b3 O-O-O 12. Bb2 Nd5 13. h3 h5 14. Rfc1 g5
15. Bxd5 exd5 16. Qf3 Be6 17. Qe3 h4 18. Re1 Rhg8 19. Re2 Kb8 20. Kh1 Bc8 21.
Rc1 f6 22. Ng4 Rdf8 23. Qf3 Qd8 24. Nh6 f5 25. Nxg8 g4 26. hxg4 fxg4 27. Qd3
Rxg8 28. Qh7 h3 29. Kg1 Rh8 30. Qg6 Qf8 31. Re3 hxg2 32. Rce1 Rh6 33. Qe8 Rh1+
34. Kxg2 Qh6 0-1

[Event "OIBM99 - Bank Hofmann"]
[Site "Wiessee"]
[Date "1999.11.??"]
[White "Miezis, Normunds"]
[Black "Aleksandrov, Aleksej"]
[Result "0-1"]
[WhiteElo "2520"]
[BlackElo "2615"]
[PlyCount "118"]

1. c4 Nf6 2. Nc3 e6 3. e4 c5 4. e5 Ng8 5. d4 cxd4 6. Qxd4 Nc6 7. Qe4 d6 8. Nf3
dxe5 9. Nxe5 Bd7 10. Nxd7 Qxd7 11. Bg5 Bb4 12. Rd1 Bxc3+ 13. bxc3 Qc7 14. Be2
Nf6 15. Qe3 Qe5 16. Qxe5 Nxe5 17. Bf4 Nfd7 18. O-O Rc8 19. Rd4 Ke7 20. Rb1 b6
21. Rb5 f6 22. a4 Rhd8 23. Be3 h6 24. h4 Nf7 25. a5 Nd6 26. Rg4 Kf7 27. Rb1 Ne5
28. Rd4 Nexc4 29. axb6 axb6 30. Bc1 e5 31. Rd1 Ke7 32. Rb4 Rc5 33. Bf3 Rb5 34.
Ra4 Ra5 35. Rb4 Rc8 36. Bd5 Rcc5 37. Bg8 Ra8 38. Bh7 Rb5 39. f4 Rxb4 40. cxb4
e4 41. Re1 Ke6 42. g4 Kd5 43. Kf2 Ra2+ 44. Kg3 Kd4 45. Rd1+ Kc3 46. Bg8 Kc2 47.
Re1 Ra1 48. Bxc4 Rxc1 49. Rxc1+ Kxc1 50. Be2 Kd2 51. Kf2 Ne8 52. Bc4 Nc7 53. b5
Nd5 54. Kg3 Ne3 55. Be6 Nc2 56. g5 Nd4 57. gxh6 gxh6 58. f5 Nxb5 59. Kg4 Nd6
0-1

[Event "OIBM99 - Bank Hofmann"]
[Site "Wiessee"]
[Date "1999.11.??"]
[White "Miezis, Normunds"]
[Black "Dautov, Rustem"]
[Result "0-1"]
[WhiteElo "2520"]
[BlackElo "2595"]
[PlyCount "80"]

1. c4 e5 2. Nc3 Nf6 3. g3 Bb4 4. Bg2 O-O 5. e4 Bxc3 6. dxc3 d6 7. Qe2 Nbd7 8.
Nf3 a6 9. O-O b5 10. Rd1 bxc4 11. Qxc4 a5 12. Qe2 Ba6 13. Qc2 a4 14. h3 Bb7 15.
Nh4 Nc5 16. Re1 Qd7 17. g4 g6 18. Bg5 Ne8 19. Bh6 Qe7 20. Nf3 Ng7 21. Rad1 Nce6
22. Qd2 Kh8 23. Qe2 Rg8 24. Rd2 Nc5 25. Rdd1 Nge6 26. Bc1 Bxe4 27. Qc4 f5 28.
Nxe5 Bxg2 29. Bg5 Qg7 30. Bh6 Qf6 31. g5 Qe7 32. Kxg2 dxe5 33. Rxe5 Rgd8 34.
Rde1 Nd3 35. Rxe6 Nxe1+ 36. Kf1 Qf7 37. Qe2 Re8 38. Re3 f4 39. Re5 Ng2 40. Qe4
Nh4 0-1

[Event "OIBM99 - Bank Hofmann"]
[Site "Wiessee"]
[Date "1999.11.??"]
[White "Nitsche, Dirk"]
[Black "Anka, Emil"]
[Result "1-0"]
[WhiteElo "2245"]
[BlackElo "2485"]
[PlyCount "69"]

1. d4 Nf6 2. Nf3 e6 3. c4 c5 4. d5 exd5 5. cxd5 d6 6. Nc3 g6 7. h3 a6 8. a4 Qe7
9. Bg5 Nbd7 10. e3 Bg7 11. Bd3 Ne5 12. O-O O-O 13. e4 h6 14. Bh4 Nxd3 15. Qxd3
g5 16. Bg3 Nd7 17. Rae1 Rb8 18. Re2 b5 19. axb5 axb5 20. b4 cxb4 21. Na2 Nc5
22. Qb1 b3 23. Nb4 Ra8 24. Nc6 Qd7 25. Nfd4 Bb7 26. Rd1 Rfe8 27. Re3 b2 28.
Qxb2 Rxe4 29. Qxb5 Rxe3 30. fxe3 Ne4 31. Be1 Ra2 32. Qb1 Bxd4 33. Rxd4 Bxc6 34.
Qxa2 Qf5 35. dxc6 1-0

[Event "OIBM99 - Bank Hofmann"]
[Site "Wiessee"]
[Date "1999.11.??"]
[White "Ponomariov, Ruslan"]
[Black "Shabalov, Alexander"]
[Result "0-1"]
[WhiteElo "2615"]
[BlackElo "2565"]
[PlyCount "82"]

1. e4 c5 2. Nf3 g6 3. c4 Bg7 4. d4 Qb6 5. dxc5 Qxc5 6. Be2 d6 7. O-O Nc6 8. a3
Bg4 9. b4 Qb6 10. Be3 Qd8 11. Ra2 Nf6 12. Nc3 a5 13. b5 Bxf3 14. Bxf3 Ne5 15.
Be2 O-O 16. c5 Rc8 17. Bd4 Ned7 18. Na4 dxc5 19. Bxf6 Nxf6 20. e5 Nd5 21. Rd2
e6 22. Bf3 Bh6 23. Bxd5 Bxd2 24. Bxb7 Rb8 25. Nxc5 Qd4 26. Nb3 Qc3 27. Bc6 Rfd8
28. Nxd2 Rxd2 29. Qf3 Qxe5 30. g3 Qd4 31. Re1 Rd3 32. Qe2 Rxa3 33. Kg2 Rd3 34.
Qe4 a4 35. Qxd4 Rxd4 36. Re3 Kf8 37. Kf3 Ke7 38. Rc3 Rb4 39. Ke2 Rd8 40. b6
Rb2+ 41. Ke1 Rb3 0-1

[Event "OIBM99 - Bank Hofmann"]
[Site "Wiessee"]
[Date "1999.11.??"]
[White "Rodkin, Rafael"]
[Black "Lerner, Konstantin"]
[Result "0-1"]
[WhiteElo "2240"]
[BlackElo "2585"]
[PlyCount "86"]

1. Nf3 Nf6 2. c4 e6 3. d4 b6 4. g3 Ba6 5. Nbd2 Bb4 6. a3 Bxd2+ 7. Nxd2 Bb7 8.
Nf3 c5 9. Bg2 cxd4 10. Qxd4 Nc6 11. Qc3 Rc8 12. b4 Ne7 13. Bg5 Nf5 14. Rc1 d5
15. Bxf6 gxf6 16. c5 Nd6 17. Qb3 Nc4 18. cxb6 Qxb6 19. O-O O-O 20. Rfd1 Nd6 21.
e3 a5 22. Nd4 axb4 23. axb4 Ba6 24. Qa4 Bc4 25. Rb1 Ra8 26. Qc6 Qb8 27. Ra1
Rxa1 28. Rxa1 Qxb4 29. h4 Qb8 30. Bh3 f5 31. Bg2 Rc8 32. Qa4 Qc7 33. Qd1 h6 34.
Qh5 Kg7 35. Kh1 Ne8 36. Qd1 Nf6 37. Bh3 Rb8 38. g4 Ne4 39. Qg1 f4 40. g5 hxg5
41. Bxe6 Rb2 42. Kg2 fxe3 43. Nf5+ Kf6 0-1

[Event "OIBM99 - Bank Hofmann"]
[Site "Wiessee"]
[Date "1999.11.??"]
[White "Rodkin, Rafael"]
[Black "Schmittdiel, Eckard"]
[Result "1-0"]
[WhiteElo "2240"]
[BlackElo "2505"]
[PlyCount "95"]

1. c4 c5 2. Nf3 g6 3. e4 Bg7 4. d4 cxd4 5. Nxd4 Nc6 6. Be3 Nf6 7. Nc3 Ng4 8.
Qxg4 Nxd4 9. Qd1 Ne6 10. Rc1 b6 11. Be2 O-O 12. O-O Bb7 13. Qd2 Nc5 14. f3 f5
15. exf5 gxf5 16. Rfd1 d6 17. Nd5 Rc8 18. Nf4 Qe8 19. b4 e5 20. Nd5 Ne6 21. Nc3
Rd8 22. Nb5 f4 23. Bf2 Qg6 24. Qc2 e4 25. Nxd6 Ba8 26. Nxe4 Nd4 27. Bxd4 Bxd4+
28. Kh1 Kh8 29. c5 bxc5 30. bxc5 Be3 31. Rxd8 Rxd8 32. Rd1 Rxd1+ 33. Bxd1 Bxe4
34. fxe4 Qg7 35. c6 Bb6 36. Qd2 Qe5 37. h3 h6 38. Qc1 Kg7 39. Bb3 Kf6 40. Bd5
Kg6 41. Bb3 Kf6 42. Qe1 Kg5 43. h4+ Kf6 44. Qd1 Qxe4 45. Qd6+ Kf5 46. Qf8+ Kg4
47. Qg7+ Kxh4 48. Kh2 1-0

[Event "OIBM99 - Bank Hofmann"]
[Site "Wiessee"]
[Date "1999.11.??"]
[White "Rodkin, Rafael"]
[Black "Smagin, Sergey"]
[Result "0-1"]
[WhiteElo "2240"]
[BlackElo "2580"]
[PlyCount "130"]

1. c4 e6 2. Nf3 d5 3. b3 a5 4. a3 a4 5. e3 axb3 6. cxd5 exd5 7. Qxb3 Nf6 8. Bb2
Be7 9. Be2 O-O 10. O-O Nbd7 11. d4 c6 12. Nc3 Bd6 13. a4 Re8 14. Rfc1 Ng4 15.
Bd3 Ngf6 16. Qc2 Qe7 17. Bf5 g6 18. Bh3 h5 19. Re1 Bb4 20. Nd2 Nf8 21. Bxc8
Rexc8 22. Qb3 Ba5 23. Ba3 Qd7 24. Bb4 Bc7 25. f3 Ne6 26. Nd1 Re8 27. Nf2 Ng7
28. Nf1 Nf5 29. Reb1 b6 30. Rc1 Re6 31. Rc3 Qe8 32. Rd3 Nd6 33. Bxd6 Rxd6 34.
Rc1 Nd7 35. Rdc3 c5 36. Nd3 c4 37. Qb4 Nf6 38. Nb2 Re6 39. e4 Bd6 40. Qb5 Qxb5
41. axb5 Ra2 42. Rb1 Bb4 43. Re3 Ba3 44. Nd1 dxe4 45. Nc3 Rc2 46. Nxe4 Bb2 47.
Nxf6+ Rxf6 48. Rd1 Rd6 49. d5 c3 50. Ng3 f5 51. Ne2 f4 52. Nxf4 Rc1 53. Rxc1
Bxc1 54. Rxc3 Bxf4 55. g3 Be5 56. Rc8+ Kf7 57. Rc7+ Kf6 58. Kg2 Bd4 59. Rc4 Ke5
60. f4+ Kxd5 61. Rc2 Re6 62. h3 Bc5 63. g4 h4 64. g5 Ke4 65. Rc4+ Kf5 0-1

[Event "OIBM99 - Bank Hofmann"]
[Site "Wiessee"]
[Date "1999.11.??"]
[White "Rozentalis, Eduardas"]
[Black "Paasikangas_Tella, Johanna"]
[Result "1/2-1/2"]
[WhiteElo "2585"]
[BlackElo "2245"]
[PlyCount "109"]

1. e4 d5 2. exd5 Qxd5 3. Nc3 Qa5 4. g3 Nf6 5. Bg2 c6 6. Nf3 Bg4 7. h3 Bh5 8.
O-O Nbd7 9. d3 e6 10. a3 h6 11. Rb1 a6 12. b4 Qc7 13. g4 Bg6 14. Nh4 Bh7 15. f4
Bd6 16. Qe2 Nb6 17. g5 Nfd5 18. Nxd5 Nxd5 19. Bxd5 cxd5 20. g6 Qe7 21. Qg4 Bxg6
22. Nxg6 fxg6 23. Qxg6+ Qf7 24. f5 Qxg6+ 25. fxg6 Rc8 26. Bf4 Be7 27. Rbe1 Rxc2
28. Rxe6 Kd7 29. Rfe1 Bh4 30. Rd6+ Kc8 31. Rc1 Rxc1+ 32. Bxc1 Re8 33. Kg2 Re5
34. Bf4 Rf5 35. Be3 Rf6 36. Rxf6 Bxf6 37. Kf3 Kd7 38. Kg4 Ke6 39. Bb6 Bb2 40.
a4 Bc3 41. b5 axb5 42. axb5 Kf6 43. Kh5 Kf5 44. Be3 Be5 45. Bxh6 Bd4 46. Bg5
Bc3 47. Bd8 Bd4 48. Bc7 Bf6 49. Bh2 Bd4 50. Bg3 Bc3 51. Bf2 Bb2 52. Kh4 Kxg6
53. Kg4 Kf6 54. Bg3 g6 55. Bf4 1/2-1/2

[Event "OIBM99 - Bank Hofmann"]
[Site "Wiessee"]
[Date "1999.11.??"]
[White "Rozentalis, Eduardas"]
[Black "Sulypa, Alexandre"]
[Result "0-1"]
[WhiteElo "2585"]
[BlackElo "2430"]
[PlyCount "62"]

1. d4 d5 2. Nf3 c6 3. Bg5 h6 4. Bh4 Qb6 5. b3 Bf5 6. e3 e6 7. Bd3 Bxd3 8. Qxd3
Be7 9. Bxe7 Nxe7 10. O-O O-O 11. c4 Nd7 12. Nc3 Qa6 13. a4 Rfd8 14. Rfd1 Rac8
15. a5 c5 16. Nb5 Nc6 17. Qc3 cxd4 18. exd4 Nf6 19. Qe1 Ne4 20. h3 dxc4 21.
bxc4 Nd6 22. d5 Nxc4 23. dxc6 Rxd1 24. Qxd1 Qxb5 25. c7 Qe8 26. Qd4 Rxc7 27.
Qxa7 Qc6 28. Rb1 Kh7 29. Qa8 Qd5 30. Rc1 Rc5 31. Qe8 Nd6 0-1

[Event "OIBM99 - Bank Hofmann"]
[Site "Wiessee"]
[Date "1999.11.??"]
[White "Yakovich, Yuri"]
[Black "Miezis, Normunds"]
[Result "1/2-1/2"]
[WhiteElo "2590"]
[BlackElo "2520"]
[PlyCount "47"]

1. d4 Nf6 2. c4 e6 3. Nf3 Bb4+ 4. Nbd2 c5 5. a3 Bxd2+ 6. Bxd2 cxd4 7. Nxd4 Ne4
8. Be3 d5 9. cxd5 exd5 10. g3 h5 11. Bg2 h4 12. Qc2 O-O 13. Bxe4 dxe4 14. Qxe4
h3 15. O-O Re8 16. Qf4 Qd5 17. f3 Nc6 18. Rad1 b6 19. Rfe1 f6 20. g4 Nxd4 21.
Bxd4 Be6 22. e4 Qxe4 23. Bc3 Rad8 24. Qe3 1/2-1/2